| 000 | 00572nam a22002057a 4500 | ||
|---|---|---|---|
| 999 |
_c10451 _d10451 |
||
| 003 | AR-CdUCM | ||
| 008 | 190401b ||||| |||| 00| 0 spa d | ||
| 040 |
_aMUNICIPALIDAD PROVINCIAL DEL CUSCO _cBIBLIOTECA MUNICIPAL DEL CUSCO |
||
| 082 |
_aEP / 633 / _bL75 |
||
| 110 |
_aTimun, s.a. _927316 |
||
| 245 | _aLos arboles / | ||
| 260 |
_aBarcelona : _bTimun, s.a., _c1959. |
||
| 300 | _c26 cm. | ||
| 440 |
_aMi universo. _927317 |
||
| 505 | _aContenido : Los arboles. | ||
| 650 |
_aHistorietas _910786 |
||
| 650 |
_aCuentos _9312 |
||
| 942 |
_2ddc _cLIBROS |
||
| 945 | _arum | ||